| 000 | 00478nam a22001817a 4500 | ||
|---|---|---|---|
| 003 | CEME | ||
| 005 | 20210628205655.0 | ||
| 008 | 210312b xxu||||| |||| 00| 0 eng d | ||
| 020 | _a0-07-049906-3 | ||
| 040 | _c. | ||
| 082 | _a621.392 PIC | ||
| 100 |
_aPick, Joseph _976581 |
||
| 245 | _aVhdl techniques experiments and caveats | ||
| 260 |
_aNEWYORK _bMCGRAW HILL _c1996 |
||
| 300 | _a382P | ||
| 650 |
_aVHDL-COMPUTER HARDWARE DESCRIPTION LANGUAGE _92937 |
||
| 942 |
_cBK _2ddc |
||
| 999 |
_c581944 _d581944 |
||